| 000 | 01155nam a2200325 i 4500 | ||
|---|---|---|---|
| 001 | 11142 | ||
| 003 | KOSZ 005 | ||
| 005 | 20200519091102.0 | ||
| 008 | 071028s1968 pl a f f 000 0 pol | ||
| 015 | _aPB 1968/7430 | ||
| 040 |
_aWA N _cKOSZ 005/RW _dKOSZ 005/RW _dKOSZ 005/HR |
||
| 046 | _k1968 | ||
| 080 | _a69:631.2 | ||
| 080 | _a(07) | ||
| 245 | 0 | 0 |
_aWspółczesne budownictwo rolnicze : _buprzemysłowienie, projektowanie i realizacja budynków / _cKazimierz Cieszyński [et al.] ; kier. zespołu aut. Tomasz Kluz. |
| 260 |
_aWarszawa : _bArkady, _c1968. |
||
| 300 |
_a359, [1] s. : _bil. ; _c24 cm. |
||
| 380 | _aKsiążki. | ||
| 380 | _aPublikacje dydaktyczne | ||
| 388 | _a1901-2000 | ||
| 504 | _aBibliogr. przy rozdz. | ||
| 658 | _aArchitektura i budownictwo | ||
| 650 | 4 | _aBudownictwo wiejskie | |
| 655 | 4 | _aPodręcznik | |
| 700 | 1 |
_aKluz, Tomasz _d(1897-1987). _eRedakcja |
|
| 710 | 2 |
_aWydawnictwo "Arkady". _4pbl. |
|
| 700 | 1 |
_aCieszyński, Kazimierz _d(1931-2015) _eAutor |
|
| 856 |
_uhttp://koha.tu.koszalin.pl/cgi-bin/koha/opac-detail.pl?biblionumber=11142 _yKatalog online BPK |
||
| 942 |
_2UKD _cKS |
||
| 999 |
_c11142 _d11142 |
||